000
00344 a2200157 4500
001
72518
020
_a
8532252052
040
_c
Anchieta - Colégio São Paulo
100
_a
Machado, Ana Maria
240
1
0
_a
Dona Baratinha
_l
por
245
1
0
_a
Dona Baratinha
300
_a
31
362
0
_a
2004
650
4
_a
Literatura infantil
942
_c
BK
999
_c
72518
_d
72518